[Event "Titled Tuesday intern op 10th Jan Early"]
[Site "Chess.com INT"]
[Date "2023.01.10"]
[Round "1"]
[White "Derjabin, Ilja"]
[Black "Selkirk, Rebecca"]
[Result "1-0"]
[WhiteElo "2333"]
[BlackElo "1674"]
[PlyCount "49"]
[EventDate "2023.01.10"]
[EventType "swiss (blitz)"]
[EventRounds "11"]
[EventCountry "USA"]
[SourceTitle "EXT 2024"]
[Source "ChessBase"]
[SourceDate "2023.10.10"]
[SourceVersion "1"]
[SourceVersionDate "2023.10.10"]
[SourceQuality "1"]

1. d4 d5 2. c4 c6 3. Nf3 Nf6 4. Nc3 e6 5. g3 dxc4 6. Bg2 b5 7. 0-0 Bb7 8. Ne5 Qb6 9. a4 a6 10. axb5 cxb5 11. e4 Nbd7 12. Bf4 Be7 13. d5 exd5 14. exd5 Bc5 15. Nxd7 Nxd7 16. Re1+ Kf8 17. Ne4 Bb4 18. Re2 h6 19. b3 c3 20. Be3 Qg6 21. Qd4 a5 22. Nxc3 Bc5 23. Qf4 Bxe3 24. Qxe3 Nf6 25. Qe7+ 1-0

[Event "Titled Tuesday intern op 10th Jan Early"]
[Site "Chess.com INT"]
[Date "2023.01.10"]
[Round "4"]
[White "Selkirk, Rebecca"]
[Black "Aadit, Bhatia"]
[Result "0-1"]
[WhiteElo "1674"]
[BlackElo "1945"]
[PlyCount "80"]
[EventDate "2023.01.10"]
[EventType "swiss (blitz)"]
[EventRounds "11"]
[EventCountry "USA"]
[SourceTitle "EXT 2024"]
[Source "ChessBase"]
[SourceDate "2023.10.10"]
[SourceVersion "1"]
[SourceVersionDate "2023.10.10"]
[SourceQuality "1"]

1. e4 c5 2. Nf3 g6 3. d4 cxd4 4. Nxd4 Bg7 5. Nc3 Nc6 6. Be3 Nf6 7. Nxc6 bxc6 8. e5 Ng8 9. Bd4 Qc7 10. f4 f6 11. Qe2 fxe5 12. Bxe5 Bxe5 13. fxe5 Nh6 14. 0-0-0 0-0 15. Qd2 Ng4 16. Bc4+ e6 17. Ne4 Nxe5 18. Bb3 d5 19. Ng5 Ng4 20. Rde1 Rf2 21. Qb4 e5 22. h3 Qd8 23. Nxh7 Rf4 24. Qc5 Nf2 25. g3 Rf7 26. Rhf1 Ne4 27. Rxf7 Nxc5 28. Rf8+ Qxf8 29. Nxf8 Nxb3+ 30. axb3 Kxf8 31. Rxe5 Bxh3 32. Rg5 Bf5 33. g4 Be4 34. Re5 Re8 35. Rxe8+ Kxe8 36. Kd2 Ke7 37. Ke3 Kf6 38. c4 Ke5 39. c5 d4+ 40. Kd2 Kf4 0-1

[Event "Titled Tuesday intern op 20th Dec Early"]
[Site "Chess.com INT"]
[Date "2022.12.20"]
[Round "6"]
[White "Lopez, Nelson M"]
[Black "Selkirk, Rebecca"]
[Result "1-0"]
[WhiteElo "2037"]
[BlackElo "1674"]
[PlyCount "67"]
[EventDate "2022.12.20"]
[EventType "swiss (blitz)"]
[EventRounds "11"]
[EventCountry "USA"]
[SourceTitle "EXT 2024"]
[Source "ChessBase"]
[SourceDate "2023.10.10"]
[SourceVersion "1"]
[SourceVersionDate "2023.10.10"]
[SourceQuality "1"]

1. e4 c5 2. Nf3 e6 3. d4 cxd4 4. Nxd4 a6 5. c4 Qc7 6. Nc3 Nf6 7. f3 b6 8. Be3 d6 9. Be2 Bb7 10. 0-0 Be7 11. Qd2 Nbd7 12. Rfd1 0-0 13. Rac1 Rac8 14. b3 Rfd8 15. Kh1 Re8 16. Qe1 Bd8 17. Qf2 Qb8 18. b4 Bc7 19. a4 d5 20. exd5 Bxh2 21. dxe6 fxe6 22. f4 e5 23. Kxh2 exd4 24. Rxd4 Qc7 25. Kg1 Ne4 26. Nxe4 Rxe4 27. Bf3 Rxd4 28. Bxd4 Bxf3 29. Qxf3 b5 30. c5 Nf8 31. Qd5+ Kh8 32. a5 Qe7 33. Qe5 Qh4 34. Qxg7# 1-0

[Event "Titled Tuesday intern op 20th Dec Early"]
[Site "Chess.com INT"]
[Date "2022.12.20"]
[Round "10"]
[White "Selkirk, Rebecca"]
[Black "Balague Camps, Marc"]
[Result "0-1"]
[WhiteElo "1674"]
[BlackElo "2207"]
[PlyCount "54"]
[EventDate "2022.12.20"]
[EventType "swiss (blitz)"]
[EventRounds "11"]
[EventCountry "USA"]
[SourceTitle "EXT 2024"]
[Source "ChessBase"]
[SourceDate "2023.10.10"]
[SourceVersion "1"]
[SourceVersionDate "2023.10.10"]
[SourceQuality "1"]

1. e4 c5 2. Nf3 e6 3. d4 cxd4 4. Nxd4 Nc6 5. Nc3 Qc7 6. Be3 a6 7. Be2 Nf6 8. 0-0 d6 9. f3 Be7 10. g4 Ne5 11. h4 Nc4 12. Bc1 d5 13. Kg2 b5 14. g5 b4 15. Na4 dxe4 16. gxf6 gxf6 17. Kh1 Qg3 18. Bg5 fxg5 19. Bxc4 Qxh4+ 20. Kg2 exf3+ 21. Qxf3 0-0 22. Qxa8 Qxd4 23. Bd3 Qg4+ 24. Kh1 Bd6 25. Qg2 Qh4+ 26. Kg1 Bb7 27. Be4 Bxe4 0-1

[Event "Titled Tuesday intern op 20th Dec Early"]
[Site "Chess.com INT"]
[Date "2022.12.20"]
[Round "3"]
[White "Selkirk, Rebecca"]
[Black "Guevara, Robert N"]
[Result "0-1"]
[WhiteElo "1674"]
[BlackElo "1993"]
[PlyCount "74"]
[EventDate "2022.12.20"]
[EventType "swiss (blitz)"]
[EventRounds "11"]
[EventCountry "USA"]
[SourceTitle "EXT 2024"]
[Source "ChessBase"]
[SourceDate "2023.10.10"]
[SourceVersion "1"]
[SourceVersionDate "2023.10.10"]
[SourceQuality "1"]

1. e4 e6 2. d4 d5 3. e5 c5 4. c3 Bd7 5. Nf3 Qb6 6. Bd3 Bb5 7. a4 Bxd3 8. Qxd3 Nc6 9. 0-0 Rc8 10. Na3 cxd4 11. cxd4 a6 12. Rb1 Nge7 13. Bg5 Nf5 14. Rfc1 Bb4 15. Nc2 0-0 16. Nxb4 Qxb4 17. Qd2 Qxd2 18. Bxd2 Ncxd4 19. Nxd4 Nxd4 20. Rxc8 Rxc8 21. Be3 Nb3 22. Kf1 Rc4 23. f4 g6 24. g3 Rxa4 25. Rd1 Ra1 26. Rxa1 Nxa1 27. Bb6 Kf8 28. Ke2 Nc2 29. Kd3 Nb4+ 30. Kc3 Nc6 31. Bc5+ Ke8 32. b4 h5 33. Kd3 Kd7 34. Kc3 Kc7 35. Bd6+ Kb6 36. Bc5+ Kb5 37. h3 a5 0-1

[Event "Speed Chess Q2"]
[Site "Chess.com INT"]
[Date "2022.11.12"]
[Round "9"]
[White "Freile Martin, Javier"]
[Black "Selkirk, Rebecca"]
[Result "1-0"]
[WhiteElo "2329"]
[BlackElo "1674"]
[PlyCount "43"]
[EventDate "2022.11.12"]
[EventType "swiss (blitz)"]
[EventRounds "14"]
[EventCountry "USA"]
[SourceTitle "CBM 211 Extra"]
[Source "ChessBase"]
[SourceDate "2023.01.31"]
[SourceVersion "1"]
[SourceVersionDate "2023.01.31"]
[SourceQuality "1"]

1. d4 d5 2. c4 c6 3. Nf3 Nf6 4. e3 Bg4 5. Nbd2 e6 6. Qc2 Nbd7 7. Bd3 Be7 8. h3 Bh5 9. b3 Bg6 10. Bxg6 hxg6 11. Bb2 a5 12. 0-0 Qc7 13. Rfe1 Kf8 14. e4 Ne8 15. e5 g5 16. Rac1 g6 17. cxd5 exd5 18. e6 Ndf6 19. exf7 Kxf7 20. Nxg5+ Kg8 21. Qxg6+ Ng7 22. Qf7# 1-0

[Event "Speed Chess Q2"]
[Site "Chess.com INT"]
[Date "2022.11.12"]
[Round "14"]
[White "Grot, Blazej"]
[Black "Selkirk, Rebecca"]
[Result "1-0"]
[WhiteElo "1839"]
[BlackElo "1674"]
[PlyCount "73"]
[EventDate "2022.11.12"]
[EventType "swiss (blitz)"]
[EventRounds "14"]
[EventCountry "USA"]
[SourceTitle "CBM 211 Extra"]
[Source "ChessBase"]
[SourceDate "2023.01.31"]
[SourceVersion "1"]
[SourceVersionDate "2023.01.31"]
[SourceQuality "1"]

1. e4 c6 2. d4 d5 3. Nd2 dxe4 4. Nxe4 Nf6 5. Nxf6+ exf6 6. c3 Be7 7. Bd3 0-0 8. Ne2 Re8 9. 0-0 Nd7 10. Ng3 Nf8 11. Qf3 c5 12. d5 Bd6 13. c4 a6 14. Bf4 Bxf4 15. Qxf4 Bd7 16. Rfe1 Qb6 17. b3 a5 18. Bf5 a4 19. Bxd7 Nxd7 20. Nf5 Ne5 21. Rab1 Qa5 22. Qg3 Ng6 23. Rf1 Re2 24. h4 h5 25. Qf3 Rxa2 26. Qxh5 axb3 27. Rxb3 Qd2 28. Qg4 Ra1 29. Rbb1 Rxb1 30. Rxb1 Qf4 31. Qxf4 Nxf4 32. g3 Ne2+ 33. Kf1 Nd4 34. Nxd4 cxd4 35. Rxb7 d3 36. Ke1 Rc8 37. Rb4 1-0

[Event "Speed Chess Q2"]
[Site "Chess.com INT"]
[Date "2022.11.12"]
[Round "7"]
[White "Selkirk, Rebecca"]
[Black "Chernov, Mikhail"]
[Result "0-1"]
[WhiteElo "1674"]
[BlackElo "2213"]
[PlyCount "50"]
[EventDate "2022.11.12"]
[EventType "swiss (blitz)"]
[EventRounds "14"]
[EventCountry "USA"]
[SourceTitle "CBM 211 Extra"]
[Source "ChessBase"]
[SourceDate "2023.01.31"]
[SourceVersion "1"]
[SourceVersionDate "2023.01.31"]
[SourceQuality "1"]

1. e4 c5 2. Nf3 Nc6 3. d4 cxd4 4. Nxd4 Nf6 5. Nc3 d6 6. Be3 Ng4 7. Bb5 Nxe3 8. fxe3 Bd7 9. 0-0 Ne5 10. Nd5 e6 11. Bxd7+ Qxd7 12. Nc3 Be7 13. Qh5 0-0 14. Nf3 Nc4 15. Ng5 h6 16. Nxf7 Bf6 17. Rxf6 Rxf7 18. Rxf7 Qxf7 19. Qxf7+ Kxf7 20. Rf1+ Ke7 21. Nd1 Rc8 22. b3 Nd2 23. Rf2 Rxc2 24. a4 Ra2 25. Nc3 Ra1+ 0-1

[Event "Speed Chess Q2"]
[Site "Chess.com INT"]
[Date "2022.11.12"]
[Round "4"]
[White "Selkirk, Rebecca"]
[Black "Feng, Eric1111"]
[Result "0-1"]
[WhiteElo "1674"]
[BlackElo "1885"]
[PlyCount "68"]
[EventDate "2022.11.12"]
[EventType "swiss (blitz)"]
[EventRounds "14"]
[EventCountry "USA"]
[SourceTitle "CBM 211 Extra"]
[Source "ChessBase"]
[SourceDate "2023.01.31"]
[SourceVersion "1"]
[SourceVersionDate "2023.01.31"]
[SourceQuality "1"]

1. e4 c6 2. d4 d5 3. exd5 cxd5 4. c4 Nf6 5. Nc3 Nc6 6. Bg5 e6 7. c5 Be7 8. Nf3 h6 9. Bh4 Ne4 10. Bxe7 Qxe7 11. Bb5 0-0 12. 0-0 Bd7 13. a3 b6 14. Bxc6 Bxc6 15. Ne5 Be8 16. Nxe4 dxe4 17. b4 f5 18. c6 Qg5 19. f4 exf3 20. Qxf3 Bh5 21. Qb3 Bf7 22. Rf3 Rfd8 23. Rd1 Rd5 24. Rfd3 Rad8 25. b5 Bh5 26. R1d2 Qf4 27. Qb4 Kh7 28. c7 Rc8 29. Qe7 Rxe5 30. dxe5 Qxe5 31. h3 Rxc7 32. Qd6 Rc1+ 33. Rd1 Qxd6 34. R3d2 Qxd2 0-1

[Event "Titled Tuesday intern op 01st Nov Early"]
[Site "Chess.com INT"]
[Date "2022.11.01"]
[Round "10"]
[White "Guz, Ari"]
[Black "Selkirk, Rebecca"]
[Result "1-0"]
[WhiteElo "2308"]
[BlackElo "1674"]
[PlyCount "75"]
[EventDate "2022.11.01"]
[EventType "swiss (blitz)"]
[EventRounds "11"]
[EventCountry "USA"]
[SourceTitle "EXT 2024"]
[Source "ChessBase"]
[SourceDate "2023.10.10"]
[SourceVersion "1"]
[SourceVersionDate "2023.10.10"]
[SourceQuality "1"]

1. e4 c5 2. Nf3 e6 3. c3 d5 4. exd5 exd5 5. d4 Nc6 6. Bd3 Nf6 7. 0-0 Be6 8. Bg5 Be7 9. dxc5 Bxc5 10. Nbd2 0-0 11. Qc2 h6 12. Bh4 Rc8 13. Rae1 Be7 14. Qb1 d4 15. c4 a6 16. a3 Re8 17. b4 Bg4 18. h3 Be6 19. Qb2 Qd7 20. Bb1 Bf5 21. Bxf5 Qxf5 22. Nxd4 Qf4 23. Nxc6 bxc6 24. Bg3 Qg5 25. c5 Nd5 26. Nf3 Qg6 27. Ne5 Qf5 28. Qb1 Qg5 29. Nf3 Qh5 30. Re5 Qg6 31. Qxg6 fxg6 32. Rfe1 Kf8 33. Nd4 Bf6 34. Rxe8+ Rxe8 35. Bd6+ Kf7 36. Rxe8 Kxe8 37. Nxc6 Bb2 38. a4 1-0

[Event "Titled Tuesday intern op 01st Nov Early"]
[Site "Chess.com INT"]
[Date "2022.11.01"]
[Round "3"]
[White "Kanyamarala, Tarun"]
[Black "Selkirk, Rebecca"]
[Result "1-0"]
[WhiteElo "2366"]
[BlackElo "1674"]
[PlyCount "55"]
[EventDate "2022.11.01"]
[EventType "swiss (blitz)"]
[EventRounds "11"]
[EventCountry "USA"]
[SourceTitle "EXT 2024"]
[Source "ChessBase"]
[SourceDate "2023.10.10"]
[SourceVersion "1"]
[SourceVersionDate "2023.10.10"]
[SourceQuality "1"]

1. d4 d5 2. c4 c6 3. Nf3 Nf6 4. Qb3 e6 5. Nc3 Nbd7 6. Bg5 Be7 7. g3 0-0 8. Bg2 b6 9. 0-0 Bb7 10. Rfd1 Rc8 11. Rac1 Re8 12. Ne5 Nxe5 13. dxe5 Nd7 14. Bxe7 Qxe7 15. f4 f6 16. exf6 Qxf6 17. e4 d4 18. e5 Nc5 19. Qa3 Qd8 20. b4 Na6 21. c5 d3 22. Ne4 Qd4+ 23. Kh1 Red8 24. Nd6 Rxd6 25. cxd6 Nxb4 26. Qxa7 Ba8 27. Qe7 d2 28. Qxe6+ 1-0

[Event "Titled Tuesday intern op 01st Nov Early"]
[Site "Chess.com INT"]
[Date "2022.11.01"]
[Round "4"]
[White "Selkirk, Rebecca"]
[Black "Clawitter, Craig"]
[Result "0-1"]
[WhiteElo "1674"]
[BlackElo "2050"]
[PlyCount "36"]
[EventDate "2022.11.01"]
[EventType "swiss (blitz)"]
[EventRounds "11"]
[EventCountry "USA"]
[SourceTitle "EXT 2024"]
[Source "ChessBase"]
[SourceDate "2023.10.10"]
[SourceVersion "1"]
[SourceVersionDate "2023.10.10"]
[SourceQuality "1"]

1. e4 e6 2. d4 d5 3. e5 c5 4. c3 Qb6 5. Nf3 Nc6 6. Bd3 cxd4 7. 0-0 Bd7 8. Re1 Nge7 9. Nbd2 dxc3 10. bxc3 Ng6 11. Rb1 Qc7 12. Nd4 Ncxe5 13. Bb5 a6 14. Bxd7+ Qxd7 15. N2f3 Nxf3+ 16. Qxf3 Be7 17. Nf5 exf5 18. Ba3 0-0 0-1

[Event "Titled Tuesday intern op 01st Nov Early"]
[Site "Chess.com INT"]
[Date "2022.11.01"]
[Round "2"]
[White "Selkirk, Rebecca"]
[Black "Melikhov, Evgeny V"]
[Result "0-1"]
[WhiteElo "1674"]
[BlackElo "2269"]
[PlyCount "86"]
[EventDate "2022.11.01"]
[EventType "swiss (blitz)"]
[EventRounds "11"]
[EventCountry "USA"]
[SourceTitle "EXT 2024"]
[Source "ChessBase"]
[SourceDate "2023.10.10"]
[SourceVersion "1"]
[SourceVersionDate "2023.10.10"]
[SourceQuality "1"]

1. e4 c5 2. Nf3 d6 3. d4 cxd4 4. Nxd4 Nf6 5. Nc3 a6 6. Bg5 e6 7. f4 Nbd7 8. Qf3 Qc7 9. 0-0-0 b5 10. Bd3 Bb7 11. Rhe1 0-0-0 12. Ncxb5 axb5 13. Nxb5 Qb6 14. f5 Ne5 15. Qe2 Nxd3+ 16. Qxd3 Ba6 17. Qc3+ Kb8 18. Nd4 Rc8 19. Qg3 e5 20. Nb3 Be7 21. Be3 Qc6 22. c3 Nxe4 23. Qxg7 Nxc3 24. Na5 Nxa2+ 25. Kb1 Qc2+ 26. Kxa2 Qa4+ 27. Kb1 Qxa5 28. Qxf7 Rc7 29. Qb3+ Rb7 30. Qd5 Rc8 31. f6 Qxd5 32. Rxd5 Bxf6 33. Rxd6 Bh4 34. Red1 Bc4 35. g3 Be7 36. Rd7 Rxd7 37. Rxd7 Rc7 38. Rd2 e4 39. Bf4 Bd3+ 40. Ka1 Bb4 41. Bxc7+ Kxc7 42. Rf2 e3 43. Rf7+ Kd6 0-1

[Event "Olympiad Women-44"]
[Site "Chennai"]
[Date "2022.08.07"]
[Round "9.3"]
[White "Selkirk, Rebecca"]
[Black "Silva, Mariana Sofia Teixe"]
[Result "0-1"]
[WhiteElo "1745"]
[BlackElo "1912"]
[PlyCount "78"]
[EventDate "2022.07.29"]
[EventType "team-swiss"]
[EventRounds "11"]
[EventCountry "IND"]
[SourceTitle "CBM 210"]
[Source "ChessBase"]
[SourceDate "2022.10.31"]
[SourceVersion "1"]
[SourceVersionDate "2022.10.31"]
[SourceQuality "1"]
[WhiteTeam "South Africa (W)"]
[BlackTeam "Portugal (W)"]
[WhiteTeamCountry "RSA"]
[BlackTeamCountry "POR"]

1. e4 c6 2. d4 d5 3. exd5 cxd5 4. c4 Nf6 5. Nc3 Nc6 6. Bg5 dxc4 7. d5 Ne5 8. Qd4 h6 9. Qxe5 hxg5 10. Bxc4 g4 11. Nge2 Qd6 12. Qxd6 exd6 13. Nd4 Bd7 14. Bb5 Rc8 15. 0-0 Bxb5 16. Ndxb5 a6 17. Nd4 g6 18. f3 g3 19. hxg3 Bg7 20. Nde2 Kd7 21. g4 Rce8 22. g5 Nxd5 23. Ne4 f5 24. gxf6 Nxf6 25. N4c3 b5 26. a3 Nd5 27. Rfd1 Nb6 28. Rd3 Nc4 29. Rad1 Re3 30. Ne4 Rxe2 31. b3 Ne3 32. Rxd6+ Kc8 33. Rc1+ Kb8 34. Rb6+ Ka7 35. Rxg6 Be5 36. f4 Bxf4 37. Nf2 Bh2+ 38. Kh1 Rxf2 39. Rg7+ Kb8 0-1

[Event "South African op"]
[Site "Cape Town"]
[Date "2022.07.17"]
[Round "11"]
[White "Du Plessis, Anika"]
[Black "Selkirk, Rebecca"]
[Result "1-0"]
[WhiteElo "1545"]
[BlackElo "1745"]
[PlyCount "37"]
[EventDate "2022.07.09"]
[EventType "swiss"]
[EventRounds "11"]
[EventCountry "RSA"]
[SourceTitle "CBM 209 Extra"]
[Source "ChessBase"]
[SourceDate "2022.09.30"]
[SourceVersion "1"]
[SourceVersionDate "2022.09.30"]
[SourceQuality "1"]

1. e4 c6 2. c4 d5 3. exd5 cxd5 4. cxd5 Qxd5 5. Nc3 Qa5 6. Nf3 Bg4 7. Bc4 e6 8. h3 Qh5 9. Qa4+ Nc6 10. Be2 Bxf3 11. Bxf3 Qc5 12. d4 Qd6 13. Bf4 Qd7 14. 0-0 0-0-0 15. d5 exd5 16. Nxd5 Bd6 17. Rac1 Kb8 18. Be3 Rc8 19. Bxa7+ 1-0

[Event "South African op"]
[Site "Cape Town"]
[Date "2022.07.12"]
[Round "6"]
[White "De Jager, Luan"]
[Black "Selkirk, Rebecca"]
[Result "1-0"]
[WhiteElo "1875"]
[BlackElo "1745"]
[PlyCount "65"]
[EventDate "2022.07.09"]
[EventType "swiss"]
[EventRounds "11"]
[EventCountry "RSA"]
[SourceTitle "CBM 209 Extra"]
[Source "ChessBase"]
[SourceDate "2022.09.30"]
[SourceVersion "1"]
[SourceVersionDate "2022.09.30"]
[SourceQuality "1"]

1. e4 c6 2. d4 d5 3. exd5 cxd5 4. c4 Nf6 5. Nc3 Nc6 6. Nf3 e6 7. c5 a5 8. Na4 Nd7 9. Bb5 Qc7 10. g3 b6 11. Bf4 Qb7 12. cxb6 Bb4+ 13. Kf1 Nxb6 14. Rc1 Bd7 15. Nxb6 Qxb6 16. Qa4 Ne5 17. Bxd7+ Nxd7 18. Ne5 Qa6+ 19. Kg2 Qa7 20. Nxf7 0-0 21. Rc7 Qxd4 22. Qxd7 Qe4+ 23. f3 Qg6 24. Ne5 Qf6 25. Rf1 Rfd8 26. Qc6 d4 27. Rf7 Rdc8 28. Qd7 Rd8 29. Rxf6 Rxd7 30. Nxd7 gxf6 31. Nxf6+ Kg7 32. Ne4 a4 33. a3 1-0

[Event "South African op"]
[Site "Cape Town"]
[Date "2022.07.10"]
[Round "3"]
[White "Selkirk, Rebecca"]
[Black "Taute, Clayden"]
[Result "0-1"]
[WhiteElo "1745"]
[BlackElo "1384"]
[PlyCount "106"]
[EventDate "2022.07.09"]
[EventType "swiss"]
[EventRounds "11"]
[EventCountry "RSA"]
[SourceTitle "CBM 209 Extra"]
[Source "ChessBase"]
[SourceDate "2022.09.30"]
[SourceVersion "1"]
[SourceVersionDate "2022.09.30"]
[SourceQuality "1"]

1. e4 c5 2. Nf3 e6 3. d4 cxd4 4. Nxd4 Nc6 5. Nc3 Qc7 6. Ndb5 Qb8 7. Be3 a6 8. Bb6 axb5 9. Nxb5 Bb4+ 10. c3 Ba5 11. Nc7+ Qxc7 12. Bxc7 Bxc7 13. Qg4 g6 14. f4 Kf8 15. Bd3 Kg7 16. Qf3 Nf6 17. g4 Ra5 18. h4 h5 19. g5 Ng4 20. Bc2 d5 21. b4 Ra3 22. Bb3 dxe4 23. Qxe4 Rd8 24. 0-0 Rd2 25. c4 Nxb4 26. c5 Na6 27. Rad1 Rh2 28. Rf3 Ra5 29. Rg3 Rxh4 30. Rd8 Rxc5 31. Rc3 Rxc3 32. Qd4+ e5 33. Qxc3 Bxd8 34. Qxc8 Bb6+ 35. Kf1 Rh1+ 36. Ke2 Nb4 37. Qd7 Rh2+ 38. Kd1 Nf2+ 39. Ke1 Nbd3+ 40. Kf1 Rh1+ 41. Ke2 Nxf4+ 42. Kd2 Ne4+ 43. Kc2 Rh2+ 44. Kb1 Nd2+ 45. Kb2 Nxb3+ 46. Kxb3 Rh3+ 47. Kc4 Ne6 48. Qxb7 Bd4 49. Qe7 e4 50. a4 Rc3+ 51. Kb5 e3 52. Qb4 e2 53. Qb1 Bf2 0-1

[Event "Speed Chess (Women) Q1"]
[Site "Chess.com INT"]
[Date "2022.05.25"]
[Round "10"]
[White "Antonova, Nadezhda"]
[Black "Selkirk, Rebecca"]
[Result "1-0"]
[WhiteElo "1832"]
[BlackElo "1781"]
[PlyCount "89"]
[EventDate "2022.05.24"]
[EventType "swiss (blitz)"]
[EventRounds "14"]
[EventCountry "USA"]
[SourceTitle "CBM 208 Extra"]
[Source "ChessBase"]
[SourceDate "2022.07.31"]
[SourceVersion "1"]
[SourceVersionDate "2022.07.31"]
[SourceQuality "1"]

1. d4 d5 2. Nf3 Nf6 3. e3 c5 4. c3 Nc6 5. dxc5 Bg4 6. Bb5 e6 7. b4 a5 8. Bb2 Be7 9. Nbd2 0-0 10. a3 e5 11. Be2 axb4 12. cxb4 b6 13. cxb6 Qxb6 14. Nxe5 Bxe2 15. Qxe2 Nxe5 16. Bxe5 Rfe8 17. Bd4 Qb7 18. 0-0 Ne4 19. Nxe4 dxe4 20. Rfc1 Qd5 21. h3 Qg5 22. Qg4 Qh6 23. Rc6 f6 24. Rac1 Rxa3 25. Qe6+ Kf8 26. Rc8 Ra8 27. Rxa8 Rxa8 28. Bc5 Bxc5 29. bxc5 Qg6 30. c6 Qf7 31. Qxe4 Qc7 32. Qb4+ Kg8 33. Qb7 Rc8 34. Qxc7 Rxc7 35. g3 Kf7 36. Kg2 Ke6 37. h4 Kd6 38. Kf3 Rxc6 39. Rxc6+ Kxc6 40. h5 Kd6 41. Ke4 Ke6 42. g4 g6 43. hxg6 hxg6 44. f4 Kd6 45. f5 1-0

[Event "Speed Chess (Women) Q1"]
[Site "Chess.com INT"]
[Date "2022.05.25"]
[Round "5"]
[White "Dauletova, Gulmira"]
[Black "Selkirk, Rebecca"]
[Result "1-0"]
[WhiteElo "2220"]
[BlackElo "1781"]
[PlyCount "105"]
[EventDate "2022.05.24"]
[EventType "swiss (blitz)"]
[EventRounds "14"]
[EventCountry "USA"]
[SourceTitle "CBM 208 Extra"]
[Source "ChessBase"]
[SourceDate "2022.07.31"]
[SourceVersion "1"]
[SourceVersionDate "2022.07.31"]
[SourceQuality "1"]

1. e4 c6 2. d4 d5 3. exd5 cxd5 4. Bd3 Nc6 5. c3 Nf6 6. h3 g6 7. Nf3 Bg7 8. 0-0 0-0 9. Bf4 Qb6 10. Qc2 Re8 11. Re1 Nh5 12. Bh2 Na5 13. Nbd2 Bd7 14. b4 Nc6 15. a4 a6 16. a5 Qc7 17. Nb3 Qc8 18. Nc5 Nf6 19. Na4 Ra7 20. Nb6 Qd8 21. Re2 e6 22. Rb1 Nb8 23. Ne5 Bc6 24. Nxc6 bxc6 25. Qa4 Nbd7 26. Qxc6 Nxb6 27. axb6 Ra8 28. b7 Rb8 29. Bxa6 Nd7 30. Bxb8 Nxb8 31. Qa4 Rf8 32. Bd3 Qc7 33. Qa7 Nc6 34. Qa6 Nb8 35. Qa5 Qxb7 36. b5 Nd7 37. b6 Ra8 38. Qb5 Rb8 39. Reb2 Qc8 40. Qa6 Qc6 41. b7 Qxc3 42. Rc2 Qxd4 43. Rc8+ Bf8 44. Rxb8 Nxb8 45. Qa8 Qxd3 46. Ra1 Nd7 47. b8Q Nxb8 48. Qxb8 Qc3 49. Ra8 Qg7 50. g3 h5 51. Kg2 Qh6 52. Qe8 Qg7 53. Ra7 1-0

[Event "Speed Chess (Women) Q1"]
[Site "Chess.com INT"]
[Date "2022.05.25"]
[Round "13"]
[White "Novikova, Galina"]
[Black "Selkirk, Rebecca"]
[Result "0-1"]
[WhiteElo "2073"]
[BlackElo "1781"]
[PlyCount "124"]
[EventDate "2022.05.24"]
[EventType "swiss (blitz)"]
[EventRounds "14"]
[EventCountry "USA"]
[SourceTitle "CBM 208 Extra"]
[Source "ChessBase"]
[SourceDate "2022.07.31"]
[SourceVersion "1"]
[SourceVersionDate "2022.07.31"]
[SourceQuality "1"]

1. e4 c6 2. d4 d5 3. exd5 cxd5 4. c4 Nf6 5. Nc3 Nc6 6. Bg5 e6 7. Nf3 Be7 8. Bd3 h6 9. Bh4 0-0 10. 0-0 a6 11. a3 dxc4 12. Bxc4 b5 13. Ba2 Bb7 14. Rc1 Rc8 15. Qd3 e5 16. Bb1 Nxd4 17. Bxf6 Nxf3+ 18. gxf3 Qxd3 19. Bxd3 Bxf6 20. Be4 Bxe4 21. Nxe4 Bg5 22. Nxg5 hxg5 23. Rfd1 f6 24. Kf1 Kf7 25. Ke2 Rfd8 26. Rxc8 Rxc8 27. Rd7+ Ke6 28. Rd2 Rh8 29. Rc2 Kd6 30. Ke3 Rxh2 31. Rc8 Rh4 32. Ra8 Ra4 33. Rg8 g6 34. Rxg6 Ke6 35. Rg8 f5 36. Re8+ Kf6 37. Rg8 f4+ 38. Ke2 Rd4 39. Rf8+ Ke7 40. Ra8 Rd6 41. Rg8 Kf6 42. Rh8 Kg6 43. Re8 Kf6 44. Rb8 Rc6 45. Kd2 Rd6+ 46. Kc3 Rc6+ 47. Kb3 Rd6 48. Ra8 Rd3+ 49. Kb4 Rxf3 50. Rxa6+ Kf5 51. Kxb5 Rxf2 52. b4 g4 53. Ra8 g3 54. Rg8 f3 55. a4 g2 56. a5 Rf1 57. a6 g1Q 58. Rxg1 Rxg1 59. a7 Ra1 60. Kb6 f2 61. b5 f1Q 62. Kb7 Qxb5+ 0-1

[Event "Speed Chess (Women) Q1"]
[Site "Chess.com INT"]
[Date "2022.05.25"]
[Round "12"]
[White "Selkirk, Rebecca"]
[Black "Li, Xueyi"]
[Result "0-1"]
[WhiteElo "1781"]
[BlackElo "2280"]
[PlyCount "54"]
[EventDate "2022.05.24"]
[EventType "swiss (blitz)"]
[EventRounds "14"]
[EventCountry "USA"]
[SourceTitle "CBM 208 Extra"]
[Source "ChessBase"]
[SourceDate "2022.07.31"]
[SourceVersion "1"]
[SourceVersionDate "2022.07.31"]
[SourceQuality "1"]

1. e4 c6 2. d4 d5 3. exd5 cxd5 4. c4 Nf6 5. Nc3 Nc6 6. Bf4 a6 7. c5 g6 8. h3 Bg7 9. Bd3 Nxd4 10. Qa4+ Nc6 11. Nb5 0-0 12. Nc7 Ra7 13. Nf3 e5 14. Nxe5 Qxc7 15. Nxg6 Re8+ 16. Kf1 Qd8 17. Nh4 Ne4 18. Nf3 Qf6 19. Be3 Bf5 20. Be2 Bg6 21. Qb3 Qxb2 22. Rb1 Qxb3 23. Rxb3 d4 24. Bf4 Nc3 25. Bc4 Na5 26. Rb4 Nxc4 27. Rxc4 Bd3+ 0-1

[Event "RSA-ch (Women)"]
[Site "Cape Town"]
[Date "2022.05.13"]
[Round "6"]
[White "Badenhorst, Chloe"]
[Black "Selkirk, Rebecca"]
[Result "1-0"]
[WhiteElo "1585"]
[BlackElo "1781"]
[PlyCount "55"]
[EventDate "2022.05.08"]
[EventType "tourn"]
[EventRounds "7"]
[EventCountry "RSA"]
[SourceTitle "CBM 208 Extra"]
[Source "ChessBase"]
[SourceDate "2022.07.31"]
[SourceVersion "1"]
[SourceVersionDate "2022.07.31"]
[SourceQuality "1"]

1. e4 c6 2. d4 d5 3. e5 c5 4. dxc5 Nc6 5. a3 Nxe5 6. b4 e6 7. Bb2 Nc6 8. Nf3 Nf6 9. Bd3 Qc7 10. Qe2 Be7 11. Nbd2 Bd7 12. 0-0 Ng4 13. b5 Na5 14. Ne5 Nf6 15. Nxd7 Nxd7 16. Bxg7 Rg8 17. Bb2 e5 18. Bf5 Bf6 19. Bxd7+ Kxd7 20. Qf3 Ke7 21. Bc3 Rad8 22. Bb4 Rg6 23. b6 Qc8 24. Bxa5 e4 25. Nxe4 Bxa1 26. Nd6 Qe6 27. Re1 Be5 28. Rxe5 1-0